Geografia Europy na literę G - Statystyki

Ogólne statystyki
  • Ten quiz został rozwiązany 46 razy
  • Średni wynik to 9 z 20
Statystyki odpowiedzi
Wskazówka Odpowiedź % Poprawnych
Miasto niegdyś znane jako Danzig Gdańsk
91%
Państwo znane ze swoich starożytnych filozofów i matematyków Grecja
88%
Miasto tworzące Trójmiasto wraz z powyższym i Sopotem Gdynia
84%
Największe miasto Szkocji Glasgow
79%
Cieśnina znajdująca się między Hiszpanią, a Marokiem Gibraltarska
70%
Drugie największe miasto Austrii Graz
67%
Drugie największe miasto Szwecji Göteborg
65%
Wspólnota autonomiczna w pn.-zach. Hiszpanii, także nazwa ziem zaboru austriackiego Galicja
63%
Największe jezioro w Alpach Genewskie
49%
Rzymska nazwa dla Francji Gallia
47%
Dzielnica Londynu, przez którą przebiega południk zerowy Greenwich
47%
Główne miasto włoskiego regionu administracyjno- historycznego Liguria Genua
44%
W późnym średniowieczu stolica ostatniego państwa muzułmańskiego w Hiszpanii Grenada
44%
Terytorium brytyjskie leżące na kanale La Manche Guernsey
33%
Zbiornik zaporowy na Wiśle, położony w powiecie pszczyńskim Zbiornik {Goczałkowicki}
30%
Miasto, które dało nazwę największemu festiwalowi muzycznemu w Wielkiej Brytanii Glastonbury
14%
Najdłuższa rzeka Norwegii Glomma
7%
Najwyższy szczyt Liechtensteinu Grauspitz
2%
Najdłuższa rzeka Danii Gudenå
2%
Podgrupa języków celtyckich w obrębie języków indoeuropejskich, do której należy m.in. język irlandzki Języki {goidelskie}
2%
Nie znaleziono quizów pasujących do podanych kryteriów
Rozkład punktacji
Procent ludzi z każdym wynikiem
Percentyl według liczby udzielonych odpowiedzi
Twoja historia wyników
Nie rozwiązałeś tego quizu